000 00643nam a2200253Ia 4500
003 OSt
005 20221007065103.0
006 a|||||r|||| 00| 0
007 ta
008 221006b |||||||| |||| 00| 0 eng d
020 _a8175341234
024 _a9,222
037 _cTextual
040 _aFLL
_cFLL
_beng
041 _2eng
_aeng
082 _aZ1,187, M2
100 _aBowett D.W. Au.
_9686622
245 0 _aLaw of international institutions
250 _a4th
260 _aDelhi
_bUniversal
_c1982
300 _axv,431p
_ccm.
942 _hZ1,187, M2
_cTEXL
_2CC
999 _c1136259
_d1136259